Racing Club de Lens | Effectif Ligue 1 - 2024/2025 - Statistiques

Statistiques générales
  • Ce quiz a été pris 77 fois
    68 depuis la dernière actualisation
  • Le résultat moyen est 20 sur 27
Statistiques - réponses
Poste Joueurs Nationalité Numéro % Correct
Défenseur Facundo Medina 14
98%
Attaquant Florian Sotoca 7
94%
Défenseur Deiver Machado 3
90%
Défenseur Jonathan Gradit 24
90%
Gardien de but Mathew Ryan 30
90%
Attaquant M'Bala Nzola 8
90%
Coach Will Still
88%
Milieu de terrain Adrien Thomasson 28
85%
Gardien de but Hervé Koffi 16
85%
Attaquant Martín Satriano 9
85%
Milieu de terrain Neil El Aynaoui 23
85%
Défenseur Ruben Aguilar 2
83%
Milieu de terrain Andy Diouf 18
75%
Défenseur Malang Sarr 20
75%
Attaquant Wesley Saïd 22
75%
Milieu de terrain Angelo Fulgini 11
73%
Milieu de terrain Anass Zaroury 21
69%
Attaquant Goduine Koyalipou 19
67%
Défenseur Jhoanner Chávez 13
65%
Milieu de terrain Nampalys Mendy 26
65%
Défenseur Juma Bah 27
63%
Gardien de but Denis Petric 1
60%
Milieu de terrain Hamzat Ojediran 15
54%
Attaquant Jeremy Agbonifo 25
54%
Attaquant Rémy Labeau Lascary 36
54%
Défenseur Nidal Celik 4
52%
Milieu de terrain Tom Pouilly 34
48%
Aucun quiz correspondant
Distribution des résultats
% des personnes avec chaque résultat
Percentile par nombre de réponses
Votre historique - résultats
Vous n’avez pas pris ce quiz depuis la dernière actualisation